Política de estabilización de la administración Monge Alvarez: la búsqueda de opciones en medio de negociaciones sometidas a condicionalidad cruzada /
Guardat en:
| Autor principal: | |
|---|---|
| Format: | Text |
| Matèries: | |
| Etiquetes: |
Afegir etiqueta
Sense etiquetes, Sigues el primer a etiquetar aquest registre!
|
MARC
| LEADER | 00000 a a2200000 04500 | ||
|---|---|---|---|
| 001 | 17154 | ||
| 003 | |||
| 040 | |||
| 100 | |a Hidalgo Ramírez, Oscar | ||
| 245 | |a Política de estabilización de la administración Monge Alvarez: |b la búsqueda de opciones en medio de negociaciones sometidas a condicionalidad cruzada / |c Oscar Hidalgo Ramírez | ||
| 650 | |a POLITICA ECONOMICA | ||
| 650 | |a AJUSTE ESTRUCTURAL | ||
| 650 | |a RECESION ECONOMICA | ||
| 650 | |a ESTABILIZACION ECONOMICA | ||
| 773 | |g volumen 7, número 2; páginas 505-545 | ||
| 999 | |c 33847 |d 33847 | ||
